History, civilization, and culture ; an introduction to the historical and social philosophy of Pitirim A. Sorokin.

Bibliographic Details
Main Author: Cowell, F. R. (Frank Richard), 1897-1978
Format: Book
Language:English
Published: Boston : Beacon press, 1952.
Subjects:

MARC

Tag First Indicator Second Indicator Subfields
LEADER 00000cam a2200000 4500
001 in00000054290
005 20151008052014.0
008 800219s1952 mauaf 00000 eng c
010 |a a 53005233  
035 |a (OCoLC)06000284 
035 |9 AAH1185AM 
040 |a Columbia Univ. Libraries  |c IAY  |d TXA  |d UtOrBLW 
049 |a TXAM  |c [212070] 
050 1 0 |a HM22.U6  |b S7143 
092 |a 330.1  |b S7143c 
100 1 |a Cowell, F. R.  |q (Frank Richard),  |d 1897-1978. 
245 1 0 |a History, civilization, and culture ;  |b an introduction to the historical and social philosophy of Pitirim A. Sorokin. 
264 1 |a Boston :  |b Beacon press,  |c 1952. 
300 |a xii, 259 pages :  |b plates, diagrams, tables. ;  |c 24 cm. 
336 |a text  |b txt  |2 rdacontent 
337 |a unmediated  |b n  |2 rdamedia 
338 |a volume  |b nc  |2 rdacarrier 
600 1 0 |a Sorokin, Pitirim Aleksandrovich,  |d 1889-1968. 
650 0 |a Sociology. 
650 0 |a History  |x Philosophy. 
999 |a MARS 
999 f f |s 06b37e2f-3529-30c7-8987-868da4bd4f2b  |i 40fb3ca0-59cc-310f-8780-d0ae6379f550  |t 0 
952 f f |p ric  |a Texas A&M University  |b Rellis Campus  |c Joint Library Facility  |d Remote Storage  |t 0  |e HM22.U6 S7143  |h Library of Congress classification  |i unmediated -- volume  |m A14800692561 
998 f f |a HM22.U6 S7143  |t 0  |l Remote Storage